000 01310naa a22003497a 4500
001 BR7405357
003 BR-BrBNA
005 20240918173612.0
007 ta
008 230509b bl.||||| |||| 00| 0 por d
040 _aBR-BrBNA
_bpor
_cBiblioteca Nacional de Agricultura
041 _a(Pt)
072 _aL30
_b5212
_b8954
_b3790
090 _aL30 BR7405357
100 1 _aSantana, O.P.
100 1 _aCaldas, G.C.
100 1 _aDias, F.M.
100 1 _aFarias, I.
100 1 _aFernandes, A.P.M.
111 1 _a11. Reuniao da Sociedade Brasileira de Zootecnia
_cFortaleza, CE (Brazil)
_d22 Jul 1974
245 1 _aEfeito da ureia e do corte do olho de cana sobre o seu valor nutritivo na alimentacao de bovinos confinados [Bos taurus]
260 3 _aFortaleza, CE (Brasil):
_bUniversidade Federal do Ceara,
_c1974.
500 _aAnais da 11. Reuniao da Sociedade Brasileira de Zootecnia Fortaleza, CE (Brasil): Universidade Federal do Ceara, 1974. p. 17-18 (BR7405357-AM)L30
650 _aNutricao animal
650 _aBovino
650 _aRacao
650 _aUreia
650 _aValor nutritivo
773 0 _tAnais da 11. Reuniao da Sociedade Brasileira de Zootecnia
_wL30 BR7405357
_gFortaleza, CE (Brasil), 1974. p. 17-18
909 _a202404
_bLucia
_c55
_dLucia Elande
942 _cAM
_2AGRIS
999 _c305693
_d305693